000 00598nam a22002057a 4500
999 _c10561
_d10561
003 AR-CdUCM
008 190401b ||||| |||| 00| 0 spa d
020 _a9972-728-07-2
040 _aMUNICIPALIDAD PROVINCIAL DEL CUSCO
_cBIBLIOTECA MUNICIPAL DEL CUSCO
082 _aES / 800 /
_bG26
100 _aGarcĂ­a Lorca
_927501
245 _aBodas de sangre /
260 _aLima :
_bFondo editorial navarrete,
300 _a127 paginas ;
_c15 cm.
505 _aContenido :Bodas de sangre ...
650 _aLiteratura peruana
_9169
650 _aNovelas
_9218
942 _2ddc
_cLIBROS
945 _arum